000 00567nam a22001937a 4500
999 _c182733
_d182733
005 20211203111729.0
010 _aENG-130183
020 _a978-81-939850-1-4
_c2500.00
035 _aEN-113715
037 _bDBAD/PUB
082 _a380
100 _aShirly, G.
245 _aCommunication Disorders:
_cShirly G
260 _aThiruvananthapuram
_c2020
_bNational Institute of Speech & Hearing
270 _bThiruvananthapuram
_aNish Road
_e695017
300 _axxxii, 534p.
_c24cm (hbk)
700 _aSuja K Kunnath
942 _2ddc
_cEN
_h380
_mSHI